Boletín estadístico

Gespeichert in:
Bibliographische Detailangaben
Körperschaft: Consejo Nacional de Producción. Departamento de Planificación
Format: Text
Veröffentlicht: San José: CNP
Tags: Tag hinzufügen
Keine Tags, Fügen Sie den ersten Tag hinzu!

MARC

LEADER 00000 a a2200000 04500
001 15916
003
040
090 |a 016200  
110 |a Consejo Nacional de Producción. Departamento de Planificación  
245 |a Boletín estadístico  
260 |a San José:   |b CNP  
300 |a p. varia  
999 |c 10559  |d 10559